000
00310nam a22001337a 4500
008
170529b xxu||||| |||| 00| 0 eng d
020
_a
3411031409
041
_a
ger
080
_a
62
100
_a
27
101
_a
IM
245
_a
KUNSTLICHE INTELLIGENZ-UBERBLICK UND GRUNDLAGEN
_c
SCHEFE,P
942
_2
udc
_c
BK
999
_c
14871
_d
14871